000 00677nam a22001817a 4500
999 _c59269
_d59269
005 20221226154805.0
008 221226s1948ru xxu||||| |||| 00| 0 rus d
041 _arus
080 _a821.161.1 Л - 49
100 _aЛермонтов, М.Ю
_916589
245 _a Полное собрание сочинений В 4 томах :
_bТ.1 : Драмы /
_cМ.Ю. Лермонтов, Ред.Г, Макогененко
264 _aМ.-Л.:
_bОГИЗ Гослитиздат,
_c1948 .
300 _a484 стр,
_b22 см.
653 _aДрамы
653 _aდრამა
700 _aМакогененко, Г
_eრედაქტორი
_916590
942 _2udc
_cBK